Medzinárodné verejné právo

Enregistré dans:
Détails bibliographiques
Auteur principal: Tomko, Ján
Format: Livre
Langue:slovaque
Publié: Bratislava Obzor 1988
Édition:1. vyd.
Tags: Ajouter un tag
Pas de tags, Soyez le premier à ajouter un tag!

MARC

LEADER 00000nam a2200000 4500
001 c027766
005 20221219091758.0
041 0 |a slo 
044 |a SK 
245 1 0 |a Medzinárodné verejné právo  |c Ján Tomko a kol. 
250 |a 1. vyd. 
264 1 |a Bratislava  |b Obzor  |c 1988 
300 |a 421 s. 
100 1 |a Tomko, Ján